Exercise, aging, and health : (Record no. 7695)
[ view plain ]
| 000 -LEADER | |
|---|---|
| fixed length control field | 00570cam a2200157 a 4500 |
| 020 ## - ISBN | |
| International Standard Book Number | 1560324139 (case : alk. paper) |
| 020 ## - ISBN | |
| International Standard Book Number | 1560324147 (pbk. : alk. paper) |
| 050 00 - LIBRARY OF CONGRESS CALL NUMBER | |
| Classification Number | RA 564.8 |
| Item Number | .O27 1998 |
| 100 1# - MAIN ENTRY--Author | |
| Personal name | O'Brien Cousins, Sandra. |
| 245 10 - TITLE | |
| Title | Exercise, aging, and health : |
| Remainder of title | overcoming barriers to an active old age / |
| Statement of responsibility, etc | by Sandra O'Brien Cousins. |
| 260 ## - PUBLICATION, DISTRIBUTION, ETC.(IMPRINT) | |
| Place of publication, distribution, etc | Washington, DC : |
| Name of publisher, distributor, etc | Taylor & Francis, |
| Date of publication, distribution, etc | c1998. |
| 300 ## - PHYSICAL DESCRIPTION | |
| Extent | xx, 261 p. : |
| 650 #0 - SUBJECT--TOPIC | |
| General subdivision | Health and hygiene. |
| 856 42 - URL/ELECTRONIC LOCATION AND ACCESS | |
| Uniform Resource Identifier | <a href="http://www.loc.gov/catdir/enhancements/fy0653/97037825-d.html">http://www.loc.gov/catdir/enhancements/fy0653/97037825-d.html</a> |
| 942 ## - ADDED ENTRY ELEMENTS(KOHA) | |
| Source of classification or shelving scheme | Library of Congress Classification |
| Koha item type | General circulation |
| Source of classification or shelving scheme | Not for loan | Location (home branch) | Sublocation (holding branch) | Shelving location | Date accessioned | Full call number | Barcode | Nonpublic note | Koha item type |
|---|---|---|---|---|---|---|---|---|---|
| Library of Congress Classification | Main Campus Library | Main Campus Library | 30/07/2015 | RA 564.8 .O27 1998 | 2015/005179 | jm | General circulation |